Word Ladder: US Army Division Nickname Quiz Stats

 Plays Quiz Updated Dec 9, 2016

Challenge
Share
Tweet
Embed
Score 0/14 Timer 01:30
2 Plays Today
Clue 3-Letter Word % Correct
« Fill in ___ blank »« THE »
98.7%
Trash receptacleBIN
95.6%
Metallic element, symbol SnTIN
95%
Winnerless contestTIE
94.4%
« 'The Hunt for ___ October', 1990 film »« RED »
94.1%
« Large in size, number, or amount »« BIG »
92.3%
Request repeatedly or plead for somethingBEG
91.7%
Clue 3-Letter Word % Correct
Put two and two togetherADD
91.6%
Give assistance toAID
91.1%
« Value, in cents, of a single penny »« ONE »
89.4%
A dedicated poemODE
88.9%
Unusual or unexpectedODD
88.6%
Plot of ground for plantsBED
87.7%
To free or disencumberRID
86.4%

Today's Daily Dose

Missing Word
Madam, I'm Adam

Quick Pick
Meat vs Animal

On This Day
October 21st II

You're not logged in!

Compare scores with friends on all Sporcle quizzes.
Join for Free
OR
Log In

You Might Also Like...

Show Comments

Extras

Top Quizzes Today


Score Distribution

Your Account Isn't Verified!

In order to create a playlist on Sporcle, you need to verify the email address you used during registration. Go to your Sporcle Settings to finish the process.

Report this User

Report this user for behavior that violates our Community Guidelines.

Details: